Countries of Africa, but Invisible? - Statistics

General Stats
  • This quiz has been taken 45 times
  • The average score is 50 of 54
Answers on the Map
Answers color-coded by a green-red scale on the quiz's map according to % correct below.
 
Answer Stats
Answer % Correct
Botswana
100%
Democratic Republic of the Congo
100%
Niger
100%
Nigeria
100%
South Africa
100%
Zimbabwe
100%
Algeria
96%
Angola
96%
Egypt
96%
Ethiopia
96%
Gambia
96%
Liberia
96%
Libya
96%
Madagascar
96%
Mali
96%
Republic of the Congo
96%
South Sudan
96%
Sudan
96%
Tanzania
96%
Zambia
96%
Benin
92%
Cameroon
92%
Central African Republic
92%
Chad
92%
Eritrea
92%
Gabon
92%
Ghana
92%
Guinea
92%
Kenya
92%
Lesotho
92%
Morocco
92%
Rwanda
92%
Senegal
92%
Tunisia
92%
Burundi
88%
Cape Verde
88%
Comoros
88%
Equatorial Guinea
88%
Ivory Coast
88%
Malawi
88%
Mauritania
88%
Mauritius
88%
Seychelles
88%
Somalia
88%
Togo
88%
Uganda
88%
Burkina Faso
85%
Eswatini
85%
Mozambique
85%
Namibia
85%
Djibouti
81%
Guinea-Bissau
81%
Sierra Leone
77%
Sao Tome and Principe
73%
No matching quizzes found
Score Distribution
Percent of People with Each Score
Percentile by Number Answered
Your Score History
You have not taken this quiz